000 00690cam a2200253 4500
001 ABS68422
008 041124n2004 000 0 eng u
035 _a(Sirsi) u128121
245 _aFocus 1: Liverpool update
260 _c2004
490 _aEstates Gazette
_v(0444) 30 October 2004, 81-95(8)
590 _aABS
590 _aABS
650 _aLIVERPOOL
650 _aRETAIL SPACE
650 _aPROPERTY-COMMERCIAL PROPERTY-RETAIL PROPERTY-RETAIL PROPERTY MARKET
650 _aOFFICE MARKET
650 _aINDUSTRIAL MARKET
650 _aSPECULATIVE DEVELOPMENT
650 _aSHORTAGES
650 _aGAP FUNDING
690 _aCOMMERCIAL PROPERTY-MARKET
942 _n0
999 _c118370
_d118370